000 00622nam a2200229Ia 4500
003 OSt
005 20221007074147.0
006 a|||||r|||| 00| 0
007 ta
008 221006b |||||||| |||| 00| 0 eng d
024 _a27,053
037 _cReports / Technical Reports
040 _aFLL
_cFLL
_beng
041 _2eng
_aeng
082 _aZ2y7aN2, G5.2
100 _aAiyar A. N.
245 0 _aIndian case law
260 _aMadras
_bThe Huxkey Press India
_c1926
300 _av,1133p
_ccm.
942 _hZ2y7aN2, G5.2
_cREP
_2CC
999 _c1151378
_d1151378